Sports Quiz

Random Sports or World Cup Quiz

International Football XIs: Argentina Quiz Stats

 Plays Quiz Updated Jan 4, 2019

Challenge
Share
Tweet
Embed
Score 0/264 Timer 20:00
33 Plays Today
% Correct
Lionel Messi
98.5%
Lionel Messi
98.5%
Lionel Messi
98.5%
Lionel Messi
98.5%
Lionel Messi
98.4%
Lionel Messi
98.4%
Lionel Messi
98.4%
Lionel Messi
98.4%
Lionel Messi
98.4%
Lionel Messi
98.4%
Lionel Messi
98.4%
Sergio Agüero
88.6%
Gonzalo Higuaín
88.5%
Sergio Agüero
88.4%
Gonzalo Higuaín
88.4%
Sergio Agüero
88.4%
Sergio Agüero
88.3%
Gonzalo Higuaín
88.2%
Sergio Agüero
88.1%
Gonzalo Higuaín
87.8%
Gonzalo Higuaín
87.8%
Gonzalo Higuain
87.8%
Sergio Romero
85.8%
Javier Mascherano
85.4%
Sergio Romero
84.7%
Ángel di María
84.7%
Javier Mascherano
84.6%
Javier Mascherano
84.3%
Javier Mascherano
84.3%
Javier Mascherano
84.2%
Ángel di María
84%
Javier Mascherano
83.8%
Javier Mascherano
83.8%
Javier Mascherano
83.8%
Javier Mascherano
83.8%
Javier Mascherano
83.8%
Javier Mascherano
83.8%
Javier Mascherano
83.8%
Javier Mascherano
83.8%
Javier Mascherano
83.8%
Ángel di María
83.8%
Sergio Romero
83.6%
Ángel di María
83.6%
Ángel di María
83.5%
Sergio Romero
83.5%
Ángel di María
83.1%
Ángel di María
82.6%
Ángel di María
82.6%
Ángel di María
82.6%
Sergio Romero
82.4%
Carlos Tévez
81.5%
Carlos Tévez
81.5%
Carlos Tévez
81.5%
Carlos Tévez
81.5%
Sergio Romero
80.2%
Sergio Romero
80.2%
Sergio Romero
80.2%
Sergio Romero
80.2%
Gabriel Batistuta
79.1%
Gabriel Batistuta
79.1%
Gabriel Batistuta
79.1%
Gabriel Batistuta
79.1%
Javier Zanetti
75.1%
Javier Zanetti
75.1%
Javier Zanetti
75.1%
Javier Zanetti
75.1%
Javier Zanetti
75.1%
Javier Zanetti
75.1%
Javier Zanetti
75.1%
Javier Zanetti
75.1%
Javier Zanetti
75.1%
Javier Zanetti
75.1%
Javier Zanetti
75.1%
Javier Zanetti
75.1%
Javier Zanetti
75.1%
Javier Zanetti
75.1%
Paulo Dybala
73.9%
Juan Sebastián Verón
73.8%
Juan Sebastián Verón
73.8%
Juan Sebastián Verón
73.8%
Juan Sebastián Verón
73.8%
Juan Sebastián Verón
73.8%
Nicolás Otamendi
73.5%
Marcos Rojo
72.8%
Marcos Rojo
72.5%
Hernán Crespo
72.1%
Hernán Crespo
72.1%
Hernán Crespo
72.1%
% Correct
Hernán Crespo
72.1%
Hernán Crespo
72.1%
Hernán Crespo
72.1%
Nicolás Otamendi
72%
Marcos Rojo
71.9%
Nicolás Otamendi
67.8%
Esteban Cambiasso
66.8%
Esteban Cambiasso
66.8%
Esteban Cambiasso
66.8%
Esteban Cambiasso
66.8%
Marcos Rojo
65.7%
Marcos Rojo
65.7%
Pablo Zabaleta
65.5%
Nicolás Otamendi
65.5%
Pablo Zabaleta
65.4%
Pablo Zabaleta
64.5%
Pablo Zabaleta
63.8%
Pablo Zabaleta
63.8%
Gabriel Heinze
63.5%
Gabriel Heinze
63.5%
Gabriel Heinze
63.5%
Gabriel Heinze
63.5%
Gabriel Heinze
63.5%
Gabriel Heinze
63.5%
Gabriel Heinze
63.5%
Juan Román Riquelme
62.6%
Juan Román Riquelme
62.6%
Juan Román Riquelme
62.6%
Roberto Ayala
62%
Roberto Ayala
62%
Roberto Ayala
62%
Roberto Ayala
62%
Roberto Ayala
62%
Roberto Ayala
62%
Roberto Ayala
62%
Roberto Ayala
62%
Roberto Ayala
62%
Roberto Ayala
62%
Roberto Ayala
62%
Roberto Ayala
62%
Maxi Rodriguez
61.8%
Maxi Rodriguez
61.8%
Maxi Rodriguez
61.8%
Maxi Rodriguez
61.8%
Maxi Rodriguez
61.8%
Nicolás Otamendi
60.4%
Nicolás Otamendi
60.4%
Diego Simeone
59.7%
Diego Simeone
59.7%
Diego Simeone
59.7%
Diego Simeone
59.7%
Diego Simeone
59.7%
Diego Simeone
59.7%
Diego Simeone
59.7%
Martin Demichelis
57.3%
Martin Demichelis
57%
Martin Demichelis
57%
Martin Demichelis
57%
Wálter Samuel
56.6%
Wálter Samuel
56.6%
Wálter Samuel
56.6%
Wálter Samuel
56.6%
Wálter Samuel
56.6%
Lucas Biglia
56.1%
Claudio López
55.6%
Claudio López
55.6%
Claudio López
55.6%
Claudio López
55.6%
Éver Banega
54.2%
Lucas Biglia
53.9%
Willy Caballero
53.8%
Javier Saviola
53.3%
Javier Saviola
53.3%
Ariel Ortega
52.7%
Ariel Ortega
52.7%
Ariel Ortega
52.7%
Ariel Ortega
52.7%
Ariel Ortega
52.7%
Ariel Ortega
52.7%
Ariel Ortega
52.7%
Lucas Biglia
51.1%
Juan Pablo Sorin
51%
Juan Pablo Sorin
51%
Juan Pablo Sorin
51%
Juan Pablo Sorin
51%
Juan Pablo Sorin
51%
Juan Pablo Sorin
51%
Diego Milito
50.5%
% Correct
Gabriel Milito
50.5%
Gabriel Milito
50.5%
Ezequiel Garay
50.5%
Ezequiel Garay
50.3%
Pablo Aimar
50.1%
Pablo Aimar
50.1%
Pablo Aimar
50.1%
Fernando Gago
50.1%
Fernando Gago
50.1%
Fernando Gago
50.1%
Éver Banega
49.9%
Ezequiel Garay
49.2%
Ezequiel Garay
49%
Kily González
48.3%
Kily González
48.3%
Kily González
48.3%
Kily González
48.3%
Kily González
48.3%
Lucas Biglia
48.3%
Roberto Abbondanzieri
47.7%
Roberto Abbondanzieri
47.7%
Roberto Abbondanzieri
47.7%
Roberto Abbondanzieri
47.7%
Roberto Abbondanzieri
47.7%
Lucho González
47.2%
Javier Pastore
46.6%
Éver Banega
44.9%
Martin Palermo
42.7%
Carlos Roa
40%
Nicolás Tagliafico
39.6%
Rodrigo Palacio
39.2%
Federico Fernández
38.8%
Federico Fernández
38.5%
Federico Fernández
37.7%
Nicolás Burdisso
37.1%
Nicolás Burdisso
37.1%
Nicolás Burdisso
37.1%
Nicolás Burdisso
37.1%
Nicolás Burdisso
37.1%
Gabriel Mercado
36.3%
Fabricio Coloccini
35.4%
Claudio Caniggia
35.4%
Mauricio Pochettino
34.2%
Federico Fazio
33.5%
Germán Burgos
33.1%
Germán Burgos
33.1%
Germán Burgos
33.1%
Germán Burgos
33.1%
Néstor Sensini
32.9%
Néstor Sensini
32.9%
Néstor Sensini
32.9%
Néstor Sensini
32.9%
Matias Almeyda
31.4%
Matias Almeyda
31.4%
Gabriel Mercado
30.4%
Roberto Bonano
30.1%
Ramiro Funes Mori
30.1%
Jonás Gutiérrez
29.1%
Ramiro Funes Mori
28.2%
José Antonio Chamot
26.5%
José Antonio Chamot
26.5%
Giovani Lo Celso
26.3%
Abel Balbo
26.2%
Marcelo Gallardo
25.9%
Marcelo Gallardo
25.9%
Pablo Cavallero
25.4%
Pablo Cavallero
25.4%
Andrés D'Alessandro
25.3%
Andrés D'Alessandro
25.3%
Nelson Vivas
23.6%
Nelson Vivas
23.6%
Nelson Vivas
23.6%
Maximiliano Meza
23.4%
César Delgado
20.9%
César Delgado
20.9%
Marcos Acuña
20.7%
Diego Placente
20.7%
Hugo Campagnaro
19.4%
Guillermo Barros Schelotto
17%
Leandro Paredes
15.9%
José María Basanta
14.2%
Pablo Paz
13.4%
Carlos Bossio
12.5%
Leonardo Astrada
11.8%
Nestor Fabbri
10.8%
Facundo Quiroga
10.4%
Gustavo Zapata
10.4%
Hugo Morales
8.9%

You're not logged in!

Compare scores with friends on all Sporcle quizzes.
OR
Log In

You Might Also Like...

Show Comments

Extras

Top Quizzes Today


Score Distribution

Your Account Isn't Verified!

In order to create a playlist on Sporcle, you need to verify the email address you used during registration. Go to your Sporcle Settings to finish the process.

Report this User

Report this user for behavior that violates our Community Guidelines.

Details: